Makers of the commonwealth
Guardat en:
| Autors principals: | , |
|---|---|
| Format: | Llibre |
| Idioma: | anglès |
| Publicat: |
Londres
Longmans, Green
1939
|
| Col·lecció: | Discovering History, No 4
|
| Matèries: | |
| Etiquetes: |
Afegir etiqueta
Sense etiquetes, Sigues el primer a etiquetar aquest registre!
|
MARC
| LEADER | 00000nam a2200000 a 4500 | ||
|---|---|---|---|
| 001 | UCZ9011 | ||
| 003 | CL-VaPUC | ||
| 008 | 960126e19390000UK |||||||||||||||||eng|d | ||
| 082 | 0 | 4 | |a 942.06 |b HIG |2 21 |
| 100 | 0 | |a Higham, C. S. S |e author |9 354271 | |
| 700 | 0 | |a Higham, M. M. B |e author |9 354272 | |
| 245 | 1 | 0 | |a Makers of the commonwealth |
| 300 | |a 252 p | ||
| 942 | |c BK | ||
| 945 | |d 19960126 00:00:00 |a mcarcey | ||
| 260 | |a Londres |b Longmans, Green |c 1939 | ||
| 650 | 0 | |a Historia |9 255047 | |
| 650 | 0 | |a Monarquía |9 255259 | |
| 650 | 7 | |a DESCUBRIMIENTO |2 CL-VaPUC |9 321428 | |
| 651 | 0 | |a Inglaterra |9 255158 | |
| 583 | |a last modification |c 19960126 00:00:00 |k Rodrigo Vera | ||
| 490 | 0 | |a Discovering History, No 4 | |
| 999 | |c 244658 |d 244656 | ||
| 952 | |0 0 |1 0 |4 0 |6 942_060000000000000_HIG_1939 |7 0 |8 A |9 258815 |a BIBEDU |b BIBEDU |d 2019-11-19 |i 3160483 |o 942.06 HIG 1939 |p 3160483 |r 2019-11-19 |w 2019-11-19 |y BK |k LIT | ||